Statistics for Countries that Visit Mexico the Most

Click here to take the quiz!

General Stats

  • This quiz has been taken 301 times
  • The average score is 9 of 10

Answer Stats

RankCountry# of visitors% Correct
1United States7,164,375
100%
2Canada1,676,681
98%
5Spain310,123
95%
6Brazil309,696
91%
8France213,863
91%
3United Kingdom458,932
91%
7Argentina246,404
88%
4Colombia328,213
86%
9Germany207,031
86%
10Venezuela176,535
70%

Score Distribution

Percentile by Number Answered

Percent of People with Each Score

Your Score History

You have not taken this quiz